000 00751nam a2200229 i 4500
001 sa 68013271
003 DLC
005 20260227112620.0
008 850119s1965 th ac 00010 thao
010 _asa 68013271 //r852
043 _aa-th---
050 0 _aDS578
_b.B8
100 0 0 _aBunrō̜t Mōrārư̄ang.
245 1 0 _aLumsop Sayām /
_cbanthưk dōi Nirandō̜nchai [i.e. Bunrō̜t Mōrārư̄ang læ Khathādam.
260 0 _a[Phra Nakhō̜n] :
_bʻŌdīan Kānphim,
_c[1965]
300 _a4, 12, 945 p. :
_bill. ports. ;
_c19 cm.
500 _a"Nangsư̄ sarakhadī kānmư̄ang."
500 _aIn Thai.
651 0 _aThailand
_xPolitics and government.
651 0 _aThailand
_xKings and rulers.
700 0 0 _aKhathādam,
_ejoint author.
999 _c85005
_d85005